00500nam a2200181 a 4500001001300000003000900013005001700022008004100039020002200080082001500102100002100117245007100138260003300209300001000242500003500252650001000287700002100297nice12345678IN_TiNIC20260116014908.0140220s2012 dela grp 000 0 eng  a8187570407 c9600a297bKHA12 aKhan, Wahiduddin aIslam Rediscoveredb Rediscovering Islam from Its Original Sources aDelhibGoodword Books c2012 a297p  aincludes index and biblioraphy aIslam1 aKhan, Wahiduddin